Dirección de la producción : decisiones estratégicas
Guardat en:
| Autor principal: | |
|---|---|
| Altres autors: | , |
| Format: | Llibre |
| Publicat: |
Madrid : Prentice Hall
2001
|
| Matèries: | |
| Etiquetes: |
Afegir etiqueta
Sense etiquetes, Sigues el primer a etiquetar aquest registre!
|
MARC
| LEADER | 00000nam a2200000Ia 4500 | ||
|---|---|---|---|
| 003 | 000381 | ||
| 005 | 20221231144023.0 | ||
| 008 | 140114s2001 s a 000 ||s d | ||
| 040 | |c cru CEDI | ||
| 082 | |a 658.5 H473d6 | ||
| 100 | |a Heizer, Jay |9 18590 | ||
| 245 | |a Dirección de la producción : decisiones estratégicas | ||
| 260 | |a Madrid : Prentice Hall |c 2001 | ||
| 300 | |a xxvii, 451 páginas : ilustraciones (algunas a color) | ||
| 500 | |a Traducción de: Operation management , 6. ed. | ||
| 650 | |x ADMINISTRACION DE LA PRODUCCION |x TOMA DE DECISIONES |x TECNICAS |9 18593 | ||
| 700 | |9 18591 |a Render, Barry | ||
| 700 | |9 18594 |a Larrauri Ros, Luis de |d Traductor | ||
| 942 | |2 ddc |c BK | ||
| 999 | |c 15712 |d 15712 | ||
